000
00302nam a2200121Ia 4500
008
190216s9999||||xx |||||||||||||| ||und||
100
_a
Varkey Alukal
245
0
_a
Pre Degree Mathematics
250
_a
1st Ed.
260
_b
"University Book Publishers, Calicut"
650
_a
Mathematics
942
_c
BK
999
_c
30480
_d
30480